Ekologické daně v ČSFR.
Ekologická daň ako súčasť ekologickej politiky vyspelých krajín. Možnosti použitia ekologickej dane ako ekoregulatívu v ČSFR. Objekt ekologického zdanenia. Kombinovaný efekt ekologickej dane (ekologický, fiskálny a funkčný). Ekologická daň a miestne preferencie. Interval správneho výberu sadzby dane...
Salvato in:
| Autore principale: | |
|---|---|
| Natura: | Capitolo di libro |
| Lingua: | ceco |
| Soggetti: | |
| Tags: |
Nessun Tag, puoi essere il primo ad aggiungerne!!
|
MARC
| LEADER | 00000naa a2200000 4500 | ||
|---|---|---|---|
| 001 | r003396 | ||
| 005 | 20221125075520.7 | ||
| 041 | 0 | |a cze | |
| 044 | |a [CS] | ||
| 245 | 1 | 0 | |a Ekologické daně v ČSFR. |c Petr Ježek |
| 520 | |a Ekologická daň ako súčasť ekologickej politiky vyspelých krajín. Možnosti použitia ekologickej dane ako ekoregulatívu v ČSFR. Objekt ekologického zdanenia. Kombinovaný efekt ekologickej dane (ekologický, fiskálny a funkčný). Ekologická daň a miestne preferencie. Interval správneho výberu sadzby dane. Očakávaný vývoj zdanenia. | ||
| 610 | 2 | 0 | |a dane |
| 610 | 2 | 0 | |a ČSFR |
| 610 | 2 | 0 | |a sadzby daňové |
| 610 | 2 | 0 | |a ekológia |
| 610 | 2 | 0 | |a nástroje finančné |
| 100 | 1 | |a Ježek, Petr | |